[Event "Belgrade Trophy 28th"]
[Site "Belgrade"]
[Date "2014.12.01"]
[Round "8"]
[White "Stojkovic, Milanko"]
[Black "Papadakis, Michalis"]
[Result "0-1"]
[WhiteElo "1967"]
[BlackElo "2197"]
[PlyCount "86"]
[EventDate "2014.11.24"]
[EventType "swiss"]
[EventRounds "9"]
[EventCountry "SRB"]
[SourceTitle "CBM 163 Extra"]
[Source "ChessBase"]
[SourceDate "2014.12.23"]
[SourceVersion "1"]
[SourceVersionDate "2014.12.23"]
[SourceQuality "1"]

1. d4 Nf6 2. Nf3 e6 3. g3 b5 4. Bg2 d5 5. 0-0 Bb7 6. a4 b4 7. Ne5 Nbd7 8. Bg5 c5 9. e4 dxe4 10. Qe2 cxd4 11. Nxd7 Qxd7 12. Rd1 Rd8 13. Bxf6 gxf6 14. Bxe4 Bxe4 15. Qxe4 Bg7 16. c3 f5 17. Qg2 bxc3 18. Nxc3 0-0 19. f4 Qe7 20. Nb5 a6 21. Na3 Qb4 22. Rd3 Qxa4 23. Rad1 Rd5 24. Nc2 Rfd8 25. h3 Kh8 26. Ne1 Rc8 27. Kh2 Bf6 28. R1d2 Rcd8 29. Qe2 R5d6 30. Qh5 Qe8 31. Nf3 Qe7 32. g4 Rd5 33. g5 Bg7 34. Rg2 Qc7 35. Qh4 Qe7 36. Qh5 Qc7 37. Qh4 Kg8 38. g6 fxg6 39. Ng5 Bf6 40. Qf2 Bxg5 41. Rxg5 e5 42. fxe5 Qxe5+ 43. Kg1 Re8 0-1

[Event "Belgrade Trophy 23rd"]
[Site "Obrenovac"]
[Date "2010.11.28"]
[Round "5"]
[White "Stojkovic, Milanko"]
[Black "Kovacevic, Marko D"]
[Result "1-0"]
[WhiteElo "1986"]
[BlackElo "1779"]
[PlyCount "45"]
[EventDate "2010.11.24"]
[EventType "swiss"]
[EventRounds "9"]
[EventCountry "YUG"]
[SourceTitle "CBM 139 Extra"]
[Source "ChessBase"]
[SourceDate "2011.01.05"]
[SourceVersion "1"]
[SourceVersionDate "2011.01.05"]
[SourceQuality "1"]

1. Nf3 Nf6 2. d4 e6 3. g3 b6 4. Bg2 Bb7 5. 0-0 Be7 6. c4 0-0 7. Nc3 d6 8. Qc2 c5 9. e3 Nbd7 10. Rd1 Qc7 11. b3 Rfe8 12. Bb2 Bf8 13. Rac1 e5 14. Nb5 Qb8 15. d5 a6 16. Nc3 g6 17. Ng5 Bg7 18. Re1 h6 19. Nh3 Rf8 20. f4 Ne8 21. f5 g5 22. Rf1 Ndf6 23. Nf2 1-0

[Event "Belgrade Trophy 23rd"]
[Site "Obrenovac"]
[Date "2010.11.25"]
[Round "2"]
[White "Carnic, Srdjan"]
[Black "Stojkovic, Milanko"]
[Result "1-0"]
[WhiteElo "2347"]
[BlackElo "1986"]
[PlyCount "107"]
[EventDate "2010.11.24"]
[EventType "swiss"]
[EventRounds "9"]
[EventCountry "YUG"]
[SourceTitle "CBM 139 Extra"]
[Source "ChessBase"]
[SourceDate "2011.01.05"]
[SourceVersion "1"]
[SourceVersionDate "2011.01.05"]
[SourceQuality "1"]

1. e4 d6 2. d4 Nf6 3. Nc3 g6 4. Be3 Bg7 5. Qd2 0-0 6. Bh6 c6 7. h4 b5 8. Bd3 Bxh6 9. Qxh6 Ng4 10. Qd2 e5 11. dxe5 b4 12. Nd1 h5 13. Nf3 c5 14. Bc4 Bb7 15. Bd5 Bxd5 16. Qxd5 Nd7 17. Qxd6 Ndxe5 18. Qxd8 Raxd8 19. Nxe5 Nxe5 20. Ne3 Rd4 21. f3 Nc4 22. Nxc4 Rxc4 23. 0-0-0 a5 24. Rd3 a4 25. b3 axb3 26. axb3 Rd4 27. Rxd4 cxd4 28. Rd1 Rd8 29. Kd2 f5 30. exf5 gxf5 31. g4 Kg7 32. gxf5 Kf6 33. Re1 Kxf5 34. Re4 Rd6 35. Kd3 Rc6 36. Rxd4 Rc3+ 37. Kd2 Rxf3 38. Rxb4 Rf2+ 39. Kd3 Rh2 40. Rc4 Rg2 41. b4 Rg3+ 42. Kd2 Rg2+ 43. Kc3 Rg3+ 44. Kb2 Rg4 45. Kb3 Ke6 46. c3 Kd6 47. Rd4+ Kc6 48. Kc4 Rg6 49. Rf4 Kb6 50. Kd5 Kb5 51. Rf5 Ka4 52. Rxh5 Kb3 53. b5 Kxc3 54. b6 1-0

[Event "Belgrade op"]
[Site "Belgrade"]
[Date "2009.11.30"]
[Round "7"]
[White "Stojkovic, Milanko"]
[Black "Jovic, Branko"]
[Result "0-1"]
[WhiteElo "2049"]
[BlackElo "1874"]
[PlyCount "52"]
[EventDate "2009.11.24"]
[EventType "swiss"]
[EventRounds "9"]
[EventCountry "YUG"]
[SourceTitle "CBM 133 Extra"]
[Source "ChessBase"]
[SourceDate "2010.01.05"]
[SourceVersion "1"]
[SourceVersionDate "2010.01.05"]
[SourceQuality "1"]

1. d4 Nf6 2. c4 e6 3. Nf3 b6 4. g3 Bb7 5. Bg2 Be7 6. 0-0 0-0 7. Nc3 Ne4 8. Qc2 Nxc3 9. bxc3 f5 10. h4 Bf6 11. Ba3 Re8 12. Rfd1 Be4 13. Qb3 d6 14. Nd2 Bxg2 15. Kxg2 c5 16. e4 g6 17. e5 dxe5 18. dxe5 Bxe5 19. Nf3 Qc7 20. Nxe5 Qxe5 21. Qb5 Qe4+ 22. f3 Qc6 23. Rd6 Qxd6 24. Qxe8+ Kg7 25. Bc1 Qd7 26. Qxd7+ Nxd7 0-1

[Event "Belgrade op"]
[Site "Belgrade"]
[Date "2009.11.29"]
[Round "6"]
[White "Maljevic, Aleksa"]
[Black "Stojkovic, Milanko"]
[Result "1/2-1/2"]
[WhiteElo "1687"]
[BlackElo "2049"]
[PlyCount "91"]
[EventDate "2009.11.24"]
[EventType "swiss"]
[EventRounds "9"]
[EventCountry "YUG"]
[SourceTitle "CBM 133 Extra"]
[Source "ChessBase"]
[SourceDate "2010.01.05"]
[SourceVersion "1"]
[SourceVersionDate "2010.01.05"]
[SourceQuality "1"]

1. e4 d5 2. exd5 Nf6 3. d4 Qxd5 4. h3 c6 5. Nf3 Bf5 6. c3 e6 7. Bf4 Be7 8. Nbd2 0-0 9. Bc4 Qa5 10. 0-0 Nbd7 11. Bb3 Nd5 12. Bg3 Rac8 13. Bc2 Bg6 14. Bxg6 hxg6 15. Ne5 Nxe5 16. Bxe5 Bf6 17. Re1 Qb6 18. Rb1 Rfe8 19. a3 Qa6 20. Qe2 Qxe2 21. Rxe2 Bxe5 22. Rxe5 f6 23. Re4 c5 24. Rbe1 Kf7 25. Nb3 b6 26. Nd2 c4 27. Nf1 f5 28. R4e2 Nf4 29. Rd2 b5 30. Kh2 g5 31. g3 Nd3 32. Red1 Kf6 33. Ne3 Rcd8 34. a4 a6 35. axb5 axb5 36. b3 Rc8 37. bxc4 bxc4 38. Nxc4 Nxf2 39. Nd6 Nxd1 40. Rxd1 Red8 41. Nxc8 Rxc8 42. Rc1 e5 43. dxe5+ Kxe5 44. Re1+ Kd5 45. Rc1 Kc4 46. Re1 1/2-1/2

[Event "Belgrade-ch"]
[Site "Belgrade"]
[Date "2009.01.30"]
[Round "7"]
[White "Maksimovic, Marko"]
[Black "Stojkovic, Milanko"]
[Result "1-0"]
[WhiteElo "2155"]
[BlackElo "2062"]
[PlyCount "100"]
[EventDate "2009.01.24"]
[EventType "swiss"]
[EventRounds "9"]
[EventCountry "YUG"]
[SourceTitle "CBM 128 Extra"]
[Source "ChessBase"]
[SourceDate "2009.03.05"]
[SourceVersion "2"]
[SourceVersionDate "2009.03.25"]
[SourceQuality "1"]

1. d4 Nf6 2. c4 g6 3. Nc3 Bg7 4. e4 d6 5. Nf3 0-0 6. Be2 e5 7. Be3 Nc6 8. d5 Ne7 9. Nd2 Ne8 10. c5 f5 11. f3 f4 12. Bf2 g5 13. b4 Rf7 14. Nc4 Bf8 15. cxd6 cxd6 16. Nb5 b6 17. a4 Ng6 18. a5 Ba6 19. Nba3 b5 20. Nd2 Rc8 21. Bxb5 Bxb5 22. Nxb5 a6 23. Na7 Nh4 24. Rg1 Rc3 25. Nc6 Qf6 26. Qe2 Nc7 27. Nb1 Rxc6 28. dxc6 d5 29. Bc5 Bxc5 30. bxc5 Qxc6 31. Nd2 Qxc5 32. Kf1 Qc3 33. Rd1 Qxa5 34. g3 Ng6 35. Kg2 fxg3 36. hxg3 Ne6 37. Qe3 d4 38. Qb3 Re7 39. Nc4 Qb5 40. Qa2 Kf8 41. Nd6 Qc6 42. Nf5 Re8 43. Rc1 Qa8 44. Nd6 g4 45. fxg4 Ke7 46. Nxe8 Qxe4+ 47. Kh2 d3 48. Nc7 Qxg4 49. Nxe6 Qxe6 50. Rc7+ Kf6 1-0

[Event "Belgrade-ch"]
[Site "Belgrade"]
[Date "2009.01.26"]
[Round "3"]
[White "Sorgic, Dragan"]
[Black "Stojkovic, Milanko"]
[Result "1-0"]
[WhiteElo "2277"]
[BlackElo "2062"]
[PlyCount "87"]
[EventDate "2009.01.24"]
[EventType "swiss"]
[EventRounds "9"]
[EventCountry "YUG"]
[SourceTitle "CBM 128 Extra"]
[Source "ChessBase"]
[SourceDate "2009.03.05"]
[SourceVersion "2"]
[SourceVersionDate "2009.03.25"]
[SourceQuality "1"]

1. e4 d6 2. d4 Nf6 3. Nc3 g6 4. Be3 Bg7 5. h3 0-0 6. Nf3 c6 7. a4 e5 8. dxe5 dxe5 9. Qxd8 Rxd8 10. Bc4 Na6 11. Nxe5 Be6 12. Bxe6 fxe6 13. Nd3 b6 14. Ke2 c5 15. Rhd1 Nb4 16. Ne1 Kf7 17. Rxd8 Rxd8 18. Rd1 Rxd1 19. Kxd1 Ne8 20. a5 Bxc3 21. bxc3 Nc6 22. axb6 axb6 23. Nf3 h5 24. Ke2 Nd6 25. Nd2 e5 26. Kd3 Na5 27. c4 Ke6 28. Bg5 Nf7 29. h4 Nxg5 30. hxg5 Nc6 31. g3 Nd8 32. f4 Nf7 33. Nf3 exf4 34. gxf4 Nd6 35. Nh4 Kf7 36. e5 Ne8 37. Ke4 Nc7 38. f5 gxf5+ 39. Kxf5 Ne6 40. g6+ Ke7 41. Ke4 Ng5+ 42. Kd5 Ne6 43. Nf5+ Kd7 44. g7 1-0

[Event "Belgrade-ch"]
[Site "Belgrade"]
[Date "2009.01.25"]
[Round "2"]
[White "Stojkovic, Milanko"]
[Black "Kerecki, Ljubisa"]
[Result "1-0"]
[WhiteElo "2062"]
[BlackElo "2197"]
[PlyCount "128"]
[EventDate "2009.01.24"]
[EventType "swiss"]
[EventRounds "9"]
[EventCountry "YUG"]
[SourceTitle "CBM 128 Extra"]
[Source "ChessBase"]
[SourceDate "2009.03.05"]
[SourceVersion "2"]
[SourceVersionDate "2009.03.25"]
[SourceQuality "1"]

1. Nf3 d5 2. g3 Nf6 3. Bg2 g6 4. 0-0 Bg7 5. c4 0-0 6. Na3 c6 7. d4 Nbd7 8. Bf4 Nh5 9. Bd2 Ndf6 10. Ne5 Ne4 11. Bc3 Qd6 12. Qb3 Nxc3 13. bxc3 dxc4 14. Naxc4 Qc7 15. Rab1 Nf6 16. a4 Nd7 17. Nxd7 Qxd7 18. e4 b6 19. Rbd1 Qc7 20. Ne3 Bd7 21. f4 Rfd8 22. h4 Rab8 23. Qc4 Rbc8 24. Kh2 Bh6 25. e5 Be6 26. Qe2 Bd7 27. h5 Be6 28. hxg6 hxg6 29. Be4 Kg7 30. Kg2 Bd5 31. Ng4 f5 32. exf6+ exf6 33. Bxd5 cxd5 34. Rh1 Rh8 35. Qe6 Rcf8 36. Rb1 Qc8 37. Qe7+ Rf7 38. Qe2 Qf5 39. Rbe1 g5 40. Qe6 Qxe6 41. Rxe6 gxf4 42. gxf4 Bxf4 43. Rxh8 Kxh8 44. Nxf6 Bd2 45. Nxd5 Kg7 46. Re2 Bc1 47. c4 Kg6 48. Rf2 Rh7 49. Kf3 Kf5 50. Ke2+ Ke6 51. Rf6+ Kd7 52. Rf1 Bg5 53. Nf6+ Bxf6 54. Rxf6 Ke7 55. Rf3 Rh2+ 56. Kd3 Ra2 57. Ke4 Rxa4 58. Kd5 Ra5+ 59. Kc6 Ra4 60. Kd5 Ra5+ 61. Kc6 Ra4 62. Re3+ Kd8 63. Rc3 Kc8 64. Rc1 Rb4 1-0

[Event "Belgrade Trophy 21st"]
[Site "Obrenovac"]
[Date "2008.12.05"]
[Round "9"]
[White "Stojkovic, Milanko"]
[Black "Mitrovic, Ratko"]
[Result "0-1"]
[WhiteElo "2120"]
[BlackElo "1920"]
[PlyCount "74"]
[EventDate "2008.11.27"]
[EventType "swiss"]
[EventRounds "9"]
[EventCountry "YUG"]
[SourceTitle "CBM 127 Extra"]
[Source "ChessBase"]
[SourceDate "2009.01.08"]
[SourceVersion "2"]
[SourceVersionDate "2009.01.28"]
[SourceQuality "1"]

1. d4 d5 2. Nf3 Bg4 3. c4 c6 4. Nc3 Nf6 5. Qb3 Qb6 6. Qxb6 axb6 7. Ne5 dxc4 8. Nxc4 b5 9. Ne5 Be6 10. a4 b4 11. Nd1 Bb3 12. a5 Ne4 13. f3 Bxd1 14. fxe4 Bb3 15. e3 f6 16. Bc4 Bxc4 17. Nxc4 Nd7 18. b3 e6 19. Bb2 Be7 20. Ke2 Ra6 21. h4 0-0 22. g4 h6 23. Rag1 Bd8 24. d5 cxd5 25. Nd2 Rxa5 26. exd5 Rxd5 27. e4 Rc5 28. Rc1 Be7 29. Bd4 Rc6 30. Rc4 e5 31. Be3 Rxc4 32. Nxc4 b5 33. Na5 Ra8 34. Nc6 Bc5 35. Rd1 Bxe3 36. Rxd7 Bc5 37. Rd5 Ra2+ 0-1

[Event "Belgrade Trophy 21st"]
[Site "Obrenovac"]
[Date "2008.12.02"]
[Round "6"]
[White "Weinzettl, Ernst"]
[Black "Stojkovic, Milanko"]
[Result "1-0"]
[WhiteElo "2249"]
[BlackElo "2120"]
[PlyCount "61"]
[EventDate "2008.11.27"]
[EventType "swiss"]
[EventRounds "9"]
[EventCountry "YUG"]
[SourceTitle "CBM 127 Extra"]
[Source "ChessBase"]
[SourceDate "2009.01.08"]
[SourceVersion "2"]
[SourceVersionDate "2009.01.28"]
[SourceQuality "1"]

1. e4 d6 2. d4 Nf6 3. Nc3 g6 4. g3 Bg7 5. Bg2 0-0 6. Nge2 e5 7. h3 c6 8. a4 Na6 9. 0-0 h6 10. Be3 Be6 11. Qd2 Kh7 12. f4 Bc4 13. b3 Bxe2 14. Nxe2 exf4 15. Rxf4 d5 16. e5 Nd7 17. Rh4 h5 18. Nf4 Rh8 19. Qd3 Kg8 20. e6 Nf8 21. exf7+ Kxf7 22. Rf1 Bf6 23. Nxd5 cxd5 24. Rxf6+ Qxf6 25. Rf4 Nc7 26. Rxf6+ Kxf6 27. Bf4 Nfe6 28. Be5+ Kf7 29. Qf1+ Kg8 30. Qf6 Rh6 31. Bxd5 1-0

[Event "Belgrade Trophy 21st"]
[Site "Obrenovac"]
[Date "2008.12.01"]
[Round "5"]
[White "Stojkovic, Milanko"]
[Black "Dizdarevic, Barbara"]
[Result "1-0"]
[WhiteElo "2120"]
[BlackElo "1877"]
[PlyCount "53"]
[EventDate "2008.11.27"]
[EventType "swiss"]
[EventRounds "9"]
[EventCountry "YUG"]
[SourceTitle "CBM 127 Extra"]
[Source "ChessBase"]
[SourceDate "2009.01.08"]
[SourceVersion "2"]
[SourceVersionDate "2009.01.28"]
[SourceQuality "1"]

1. d4 c5 2. d5 Nf6 3. c4 e6 4. Nc3 exd5 5. cxd5 Bd6 6. e4 Qe7 7. Qc2 Be5 8. Nge2 Na6 9. a3 Nc7 10. Bg5 h6 11. Bh4 Bxc3+ 12. Nxc3 g5 13. d6 Qxd6 14. Bg3 Qc6 15. 0-0-0 d5 16. exd5 Nfxd5 17. Rxd5 Kf8 18. Rd6 Qe8 19. Qe4 Qxe4 20. Nxe4 Ne6 21. Be5 Rg8 22. Bd3 Ke7 23. Bf6+ Ke8 24. Nxc5 b6 25. Re1 Kf8 26. Bb5 Ba6 27. Nxa6 1-0

[Event "Belgrade Trophy 21st"]
[Site "Obrenovac"]
[Date "2008.11.29"]
[Round "3"]
[White "Stojkovic, Milanko"]
[Black "Miladinovic, Lena"]
[Result "0-1"]
[WhiteElo "2120"]
[BlackElo "1886"]
[PlyCount "71"]
[EventDate "2008.11.27"]
[EventType "swiss"]
[EventRounds "9"]
[EventCountry "YUG"]
[SourceTitle "CBM 127 Extra"]
[Source "ChessBase"]
[SourceDate "2009.01.08"]
[SourceVersion "2"]
[SourceVersionDate "2009.01.28"]
[SourceQuality "1"]

1. d4 Nf6 2. c4 e6 3. Nf3 Bb4+ 4. Nc3 0-0 5. Bg5 c5 6. e3 cxd4 7. exd4 h6 8. Bxf6 Qxf6 9. Bd3 b6 10. 0-0 Bb7 11. Ne4 Qd8 12. c5 bxc5 13. Nd6 Bxf3 14. Qxf3 Nc6 15. a3 Nxd4 16. Qe3 Ba5 17. Nb7 Qc7 18. Nxa5 Qxa5 19. b4 Qb6 20. bxc5 Qxc5 21. Rac1 Qd6 22. Rcd1 e5 23. f4 Rae8 24. Qe4 f5 25. Bc4+ Kh8 26. fxe5 fxe4 27. exd6 Rxf1+ 28. Kxf1 Nc2 29. Ke2 Nxa3 30. Bf7 Rf8 31. Bg6 Nb5 32. Ke3 Rf6 33. Bxe4 Rxd6 34. Rb1 Rb6 35. Ra1 a6 36. Rf1 0-1